000 00660nam a2200289Ia 4500
005 20260324142516.0
008 008 260324s9999 xx 000 0 eng d
020 _a9780203129883
037 _aEBOOK
040 _aCRL
040 _beng
040 _cCRL
041 _2eng
041 _aeng
084 _qCRL
100 _aMary Connor
_91212198
245 0 _aTraining the Counsellor
245 3 _bAn Integrative Model
260 _bTaylor and Francis
260 _c1994
365 _a
365 _b135
856 _uhttp://www.taylorfrancis.com/books/9780203129883
942 _cEBOOK
999 _c1816485
_d1816485